Central Library OPAC University of Rajshahi

Principles of marketing / (Record no. 61833)

MARC details
000 -LEADER
fixed length control field 00858nam a2200277 a 4500
001 - CONTROL NUMBER
control field 61833
003 - CONTROL NUMBER IDENTIFIER
rucl marc code BD-RjUL
005 - DATE AND TIME OF LATEST TRANSACTION
control field 20211209081015.0
008 - FIXED-LENGTH DATA ELEMENTS--GENERAL INFORMATION
fixed length control field 170121s1986 ilua b 001 0 eng d
020 ## - INTERNATIONAL STANDARD BOOK NUMBER
International Standard Book Number 0673182134
035 ## - SYSTEM CONTROL NUMBER
System control number (BD-RjUL)61957
040 ## - CATALOGING SOURCE
Original cataloging agency DLC
Transcribing agency DLC
Modifying agency DLC
Language of cataloging eng
041 ## - LANGUAGE CODE
Language code of text/sound track or separate title eng
082 00 - DEWEY DECIMAL CLASSIFICATION NUMBER
Classification number 658.8
Edition number 23
Author mark and year KIP 1986
100 1# - MAIN ENTRY--PERSONAL NAME
Personal name Kinnear, Thomas C.,
Dates associated with a name 1943-
9 (RLIN) 182714
245 10 - TITLE STATEMENT
Title Principles of marketing /
Statement of responsibility, etc. Thomas C. Kinnear, Kenneth L. Bernhardt.
250 ## - EDITION STATEMENT
Edition statement 2nd ed.
260 ## - PUBLICATION, DISTRIBUTION, ETC. (IMPRINT)
Place of publication, distribution, etc. Glenview, Ill. :
Name of publisher, distributor, etc. Scott, Foresman,
Date of publication, distribution, etc. c1986.
300 ## - PHYSICAL DESCRIPTION
Pagination xx, 759, 75 p. :
Illustrations col. ill. ;
Size 24 cm.
504 ## - BIBLIOGRAPHY, ETC. NOTE
Bibliography, etc Includes bibliographies and indexes.
650 #0 - SUBJECT ADDED ENTRY--TOPICAL TERM
Topical term or geographic name as entry element Marketing.
9 (RLIN) 182579
700 1# - ADDED ENTRY--PERSONAL NAME
Personal name Bernhardt, Kenneth L.,
Dates associated with a name 1944-
942 ## - ADDED ENTRY ELEMENTS (KOHA)
Source of classification or shelving scheme Dewey Decimal Classification
Koha item type Books
Holdings
Lost status Source of classification or shelving scheme Damaged status Not for loan Collection code Permanent Location Current Location Shelving location Date acquired Source of acquisition Total Checkouts Full call number Date last seen Copy number Koha item type
  Dewey Decimal Classification   Not For Loan Non-fiction Central Library, University of Rajshahi Central Library, University of Rajshahi Reading Room 26/10/1989 Asia Foundation   658.8 KIP 1986 21/01/2017 C-1 Books